ARRUPE JESUIT UNIVERSITY

CORONAVIRUS -STOP THE SPREAD - CLEAN,DISINFECT,COVER

Refugees and development in Africa / (Record no. 124472)

MARC details
000 -LEADER
fixed length control field 01254cam a2200361 a 4500
001 - CONTROL NUMBER
control field 645566
003 - CONTROL NUMBER IDENTIFIER
control field ARRUPE
005 - DATE AND TIME OF LATEST TRANSACTION
control field 20160323121417.0
008 - FIXED-LENGTH DATA ELEMENTS--GENERAL INFORMATION
fixed length control field 880502s1987 sw b 100 0 eng
010 ## - LIBRARY OF CONGRESS CONTROL NUMBER
LC control number 88183343
020 ## - INTERNATIONAL STANDARD BOOK NUMBER
International Standard Book Number 9171062726
035 ## - SYSTEM CONTROL NUMBER
System control number (OCoLC)17977909
035 ## - SYSTEM CONTROL NUMBER
System control number (OCoLC)ocm17977909
035 ## - SYSTEM CONTROL NUMBER
System control number (CStRLIN)NYCG88-B31221
035 ## - SYSTEM CONTROL NUMBER
System control number (NNC)645566
040 ## - CATALOGING SOURCE
Transcribing agency Arrupe
043 ## - GEOGRAPHIC AREA CODE
Geographic area code f------
050 0# - LIBRARY OF CONGRESS CALL NUMBER
Classification number HV640.4.A35
Item number R429 1987
082 0# - DEWEY DECIMAL CLASSIFICATION NUMBER
Classification number 362.8/7/096
Edition number 19
090 ## - LOCALLY ASSIGNED LC-TYPE CALL NUMBER (OCLC); LOCAL CALL NUMBER (OCLC)
Classification number (OCLC) (R) ; Classification number, CALL (RLIN) (NR) HV640.4.A35
Local cutter number (OCLC) ; Book number/undivided call number, CALL (RLIN) R429 1987
300 ## - PHYSICAL DESCRIPTION
Dimensions 23 cm.
245 00 - TITLE STATEMENT
Title Refugees and development in Africa /
Statement of responsibility, etc edited by Peter Nobel.
260 ## - PUBLICATION, DISTRIBUTION, ETC. (IMPRINT)
Place of publication, distribution, etc Uppsala :
Name of publisher, distributor, etc Scandinavian Institute of African Studies ;
Place of publication, distribution, etc Stockholm, Sweden :
Name of publisher, distributor, etc Distributed by Almqvist & Wiksell International,
Date of publication, distribution, etc 1987.
300 ## - PHYSICAL DESCRIPTION
Extent 121 p. ;
490 1# - SERIES STATEMENT
Series statement Seminar proceedings,
International Standard Serial Number 0281-0018 ;
Volume number/sequential designation no. 19
504 ## - BIBLIOGRAPHY, ETC. NOTE
Bibliography, etc Includes bibliographies.
650 #0 - SUBJECT ADDED ENTRY--TOPICAL TERM
Topical term or geographic name as entry element Refugees
Geographic subdivision Africa
Form subdivision Congresses.
9 (RLIN) 23314
650 #0 - SUBJECT ADDED ENTRY--TOPICAL TERM
Topical term or geographic name as entry element Economic development
General subdivision Social aspects
Form subdivision Congresses.
9 (RLIN) 23315
700 1# - ADDED ENTRY--PERSONAL NAME
Personal name Nobel, Peter,
Dates associated with a name 1931-
9 (RLIN) 23316
710 2# - ADDED ENTRY--CORPORATE NAME
Corporate name or jurisdiction name as entry element Nordiska Afrikainstitutet.
9 (RLIN) 3174
830 #0 - SERIES ADDED ENTRY--UNIFORM TITLE
Uniform title Seminar proceedings from the Scandinavian Institute of African Studies ;
Volume number/sequential designation 19.
9 (RLIN) 23317
942 ## - ADDED ENTRY ELEMENTS (KOHA)
Source of classification or shelving scheme Library of Congress Classification
Koha item type Monograph ( Printed materials)
Holdings
Withdrawn status Lost status Source of classification or shelving scheme Damaged status Not for loan Collection code Home library Current library Shelving location Date acquired Total Checkouts Full call number Barcode Date last seen Date checked out Price effective from Koha item type
    Library of Congress Classification     Main Collection ARRUPE LIBRARY ARRUPE LIBRARY Main Collection 23/03/2016 1 HV640.4.A35 R429 1987 46500007068 30/04/2018 22/03/2017 23/03/2016 Monograph ( Printed materials)

 

Arrupe Library. PO Box MP320 Mt Pleasant, Harare, Zimbabwe
263 242 745411|librarian@aju.ac.zw